Vögel A-Z - Bildquiz - Statistiken

Allgemein
  • Dieses Quiz wurde 6.621 mal gespielt
    6.347 seit der letzten Aktualisierung
  • Das Durchschnittsergebnis liegt bei 14 aus 24
Antwortstatistiken
Bildquiz Hint Antwort % Korrekt
A Amsel
97%
T Taube
96%
U Uhu
96%
P Pfau
95%
R Rabe
95%
F Falke
92%
S Strauß
92%
E Elster
91%
G Geier
90%
M Meise
87%
K Kiwi
75%
W Weißkopfseeadler
74%
H Habicht
70%
D Drossel
68%
B Bussard
62%
Z Zaunkönig
39%
I Ibis
28%
L Löffler
22%
N Nachtigall
20%
Q Quetzal
12%
O Ohrentaucher
5%
C Chukarhuhn
2%
J Jerichonektarvogel
2%
V Venezuelaamazone
2%
Keine übereinstimmenden Quizze gefunden
Verteilung der Resultate
Anzahl Personen mit jedem Resultat
Perzentil nach korrekt beantworteten Fragen
Ihre Resultats-Entwicklung
Sie haben dieses Quiz seit der letzten Aktualisierung nicht gespielt